000 00836nas a2200265Ia 4500
001 A50/R028-13160 [r000010508]
003 IT-MiCISF
008 161014c99999999xx |||||||||||| ||und||
040 _aIT-MiCISF
_cIT-MiCISF
041 _aITALIANO
100 _aBeffa Cristina
210 _aLa famiglia
222 _aLa famiglia
245 0 _aL'immaginario delle coppie promesse (una ricerca Eurisko)
250 _a1a ed.
260 _c1993
501 _bCISF - Centro Internazionale Studi Famiglia - Via Giotto, 36 20145 MILANO (non commercial uses only)
_cCopyright 2016
300 _app. 67-72
362 _an. 158, marzo-aprile [1993]
500 _a Tema: coppia, fidanzamento, matrimonio, famiglia, valori
650 _aFAMIGLIA - coppia
_varticolo
700 _aAA.VV.
942 _cCR
957 _71
999 _a13160
_bSi
_g1
_c229962
_d229962